000
00365nam a2200133Ia 4500
003
GCL
008
140319s9999 xx 000 0 ara d
040
_a
GCL /
_c
GCL
082
0
4
_a
ط
_b
793.732
_b
س ع
245
1
0
_a
شبكات الدوائر
260
_a
[S.N] :
_b
سوفنير بوك هاوس
300
_a
80
490
_a
عالم الكلمات المتقاطعة
_v
0
999
_c
58212
_d
58212